<?xml version="1.0" encoding="UTF-8"?>
<record
    xmlns:xsi="http://www.w3.org/2001/XMLSchema-instance"
    xsi:schemaLocation="http://www.loc.gov/MARC21/slim http://www.loc.gov/standards/marcxml/schema/MARC21slim.xsd"
    xmlns="http://www.loc.gov/MARC21/slim">

  <leader>01399nam a2200277 a 4500</leader>
  <controlfield tag="001">71313</controlfield>
  <controlfield tag="003">BD-RjUL</controlfield>
  <controlfield tag="005">20211209082111.0</controlfield>
  <controlfield tag="008">170502r19911985ii a|||| |||| 001 0 ben d</controlfield>
  <datafield tag="020" ind1=" " ind2=" ">
    <subfield code="c">: TK. 140.00</subfield>
  </datafield>
  <datafield tag="035" ind1=" " ind2=" ">
    <subfield code="a">(BD-RjUL)71529</subfield>
  </datafield>
  <datafield tag="040" ind1=" " ind2=" ">
    <subfield code="a">BD-RjUL</subfield>
    <subfield code="b">ben</subfield>
    <subfield code="c">BD-RjUL</subfield>
    <subfield code="d">BD-RjUL</subfield>
  </datafield>
  <datafield tag="041" ind1=" " ind2=" ">
    <subfield code="a">ben</subfield>
  </datafield>
  <datafield tag="082" ind1=" " ind2=" ">
    <subfield code="2">23</subfield>
    <subfield code="a">954.147</subfield>
    <subfield code="b">MUK 1991</subfield>
  </datafield>
  <datafield tag="100" ind1=" " ind2=" ">
    <subfield code="a">&#x9AE;&#x9C1;&#x996;&#x9CB;&#x9AA;&#x9BE;&#x9A7;&#x9CD;&#x9AF;&#x9BE;&#x9AF;&#x9BC;, &#x9B9;&#x9B0;&#x9BF;&#x9B8;&#x9BE;&#x9A7;&#x9A8; </subfield>
    <subfield code="9">211033</subfield>
  </datafield>
  <datafield tag="245" ind1=" " ind2=" ">
    <subfield code="a">&#x995;&#x9B2;&#x9BF;&#x995;&#x9BE;&#x9A4;&#x9BE; &#x9B8;&#x9C7;&#x995;&#x9BE;&#x9B2;&#x9C7;&#x9B0; &#x993; &#x98F;&#x995;&#x9BE;&#x9B2;&#x9C7;&#x9B0; /</subfield>
    <subfield code="c">&#x9B9;&#x9B0;&#x9BF;&#x9B8;&#x9BE;&#x9A7;&#x9A8; &#x9AE;&#x9C1;&#x996;&#x9CB;&#x9AA;&#x9BE;&#x9A7;&#x9CD;&#x9AF;&#x9BE;&#x9AF;&#x9BC;; &#x9B8;&#x9AE;&#x9CD;&#x9AA;&#x9BE;&#x9A6;&#x995;, &#x9A8;&#x9BF;&#x9B6;&#x9C0;&#x9A5;&#x9B0;&#x99E;&#x9CD;&#x99C;&#x9A8; &#x9B0;&#x9BE;&#x9AF;&#x9BC;; &#x9B8;&#x9B9;&#x9AF;&#x9CB;&#x997;&#x9C0; &#x9B8;&#x9AE;&#x9CD;&#x9AA;&#x9BE;&#x9A6;&#x995;, &#x985;&#x9B0;&#x9AC;&#x9BF;&#x9A8;&#x9CD;&#x9A6; &#x9AD;&#x99F;&#x9CD;&#x99F;&#x9BE;&#x99A;&#x9BE;&#x9B0;&#x9CD;&#x9AF;</subfield>
  </datafield>
  <datafield tag="250" ind1=" " ind2=" ">
    <subfield code="a">&#x9E9;&#x9AF;&#x9BC; &#x9B8;&#x982;. &#x9AA;&#x9B0;&#x9BF;&#x9AE;&#x9BE;&#x9B0;&#x9CD;&#x99C;&#x9BF;&#x9A4; &#x993; &#x9AA;&#x9B0;&#x9BF;&#x9AC;&#x9B0;&#x9CD;&#x9A7;&#x9BF;&#x9A4;</subfield>
  </datafield>
  <datafield tag="260" ind1=" " ind2=" ">
    <subfield code="a">&#x995;&#x9B2;&#x9BF;&#x995;&#x9BE;&#x9A4;&#x9BE; :</subfield>
    <subfield code="b">&#x9AA;&#x9BF;.&#x98F;&#x9AE;.&#x9AC;&#x9BE;&#x995;&#x9CD;&#x200C;&#x99A;&#x9BF;,</subfield>
    <subfield code="c">&#x9E7;&#x9EF;&#x9EE;&#x9EB; [&#x9AA;&#x9C1;&#x9A8;&#x9B0;&#x9CD;&#x9AE;&#x9C1;&#x9A6;&#x9CD;&#x9B0;&#x9A3; &#x9E7;&#x9EF;&#x9EF;&#x9E7;].</subfield>
  </datafield>
  <datafield tag="300" ind1=" " ind2=" ">
    <subfield code="a">[&#x9B8;&#x9BE;&#x9A4;], &#x9EC;&#x9EE;&#x9E6; &#x9AA;&#x9C3;. :</subfield>
    <subfield code="b">&#x99A;&#x9BF;&#x9A4;&#x9CD;&#x9B0;. ;</subfield>
    <subfield code="c">&#x9E8;&#x9EA; &#x9B8;&#x9C7;&#x9AE;&#x9BF;.</subfield>
  </datafield>
  <datafield tag="500" ind1=" " ind2=" ">
    <subfield code="a">&#x9A8;&#x9BF;&#x9B0;&#x9CD;&#x998;&#x9A8;&#x9CD;&#x99F; &#x9B8;&#x982;&#x9AF;&#x9C1;&#x995;&#x9CD;&#x9A4;</subfield>
  </datafield>
  <datafield tag="651" ind1=" " ind2=" ">
    <subfield code="a">&#x9AD;&#x9BE;&#x9B0;&#x9A4; (&#x995;&#x9B2;&#x995;&#x9BE;&#x9A4;&#x9BE; )</subfield>
    <subfield code="9">123186</subfield>
  </datafield>
  <datafield tag="651" ind1=" " ind2=" ">
    <subfield code="a">India (Kolkata)</subfield>
    <subfield code="9">123187</subfield>
  </datafield>
  <datafield tag="700" ind1=" " ind2=" ">
    <subfield code="a">&#x9B0;&#x9BE;&#x9AF;&#x9BC;, &#x9A8;&#x9BF;&#x9B6;&#x9C0;&#x9A5;&#x9B0;&#x99E;&#x9CD;&#x99C;&#x9A8; </subfield>
    <subfield code="9">211036</subfield>
  </datafield>
  <datafield tag="700" ind1=" " ind2=" ">
    <subfield code="a">&#x9AD;&#x99F;&#x9CD;&#x99F;&#x9BE;&#x99A;&#x9BE;&#x9B0;&#x9CD;&#x9AF;, &#x985;&#x9B0;&#x9AC;&#x9BF;&#x9A8;&#x9CD;&#x9A6; </subfield>
    <subfield code="9">211037</subfield>
  </datafield>
  <datafield tag="942" ind1=" " ind2=" ">
    <subfield code="2">ddc</subfield>
    <subfield code="c">BK</subfield>
  </datafield>
  <datafield tag="999" ind1=" " ind2=" ">
    <subfield code="c">71313</subfield>
    <subfield code="d">71313</subfield>
  </datafield>
  <datafield tag="952" ind1=" " ind2=" ">
    <subfield code="0">0</subfield>
    <subfield code="1">0</subfield>
    <subfield code="2">ddc</subfield>
    <subfield code="4">0</subfield>
    <subfield code="7">1</subfield>
    <subfield code="8">NFIC</subfield>
    <subfield code="a">RUCL</subfield>
    <subfield code="b">RUCL</subfield>
    <subfield code="c">Reading</subfield>
    <subfield code="d">2021-12-09</subfield>
    <subfield code="e">author</subfield>
    <subfield code="g">140.00</subfield>
    <subfield code="l">0</subfield>
    <subfield code="o">B 954.147 MUK 1991</subfield>
    <subfield code="r">2017-05-02 00:00:00</subfield>
    <subfield code="t">C-1</subfield>
    <subfield code="w">2021-12-09</subfield>
    <subfield code="y">BK</subfield>
  </datafield>
</record>
